| Поле | Инд. | ПП | Название | Значение |
|---|---|---|---|---|
| Тип записи | a | |||
| Библиографический уровень | b | |||
| 001 | Контрольный номер | RU/IS/BASE/113403497 | ||
| 005 | Дата корректировки | 20210830104358.4 | ||
| 084 | a | Индекс другой классификации/Индекс ББК | 83.3(2=411.2)6-004 | |
| 100 | 1_ | a | Автор | Хубер П. |
| q | Полное имя | Хубер Петра | ||
| 245 | 10 | a | Заглавие | Иосиф Бродский: к вопросу возникновения автономного субъекта поэта |
| c | Ответственность | перевод с немецкого И. Марковой | ||
| 500 | a | Примечание | Материалы конференции "Модели и константы культуры в русской истории и современности", проходившей в апреле 2002 г. в Католическом университете г. Айхштетт (Германия) | |
| 504 | a | Библиография | Библиогр. ссылки. - Примеч. | |
| 600 | 14 | a | Персоналии | Бродский Иосиф Александрович |
| 650 | 04 | a | Основная рубрика | история литературы |
| a | Основная рубрика | литературоведение | ||
| a | Основная рубрика | филологические науки | ||
| a | Основная рубрика | философия | ||
| 653 | 0_ | a | Ключевые слова | "Меньше, чем единица" |
| a | Ключевые слова | "Полторы комнаты" | ||
| a | Ключевые слова | XX век | ||
| a | Ключевые слова | автономия личности | ||
| a | Ключевые слова | государственное пространство | ||
| a | Ключевые слова | государство | ||
| a | Ключевые слова | индивидуум | ||
| a | Ключевые слова | культурное пространство | ||
| a | Ключевые слова | общество | ||
| a | Ключевые слова | политическая социализация | ||
| a | Ключевые слова | пространство | ||
| a | Ключевые слова | пространство памяти | ||
| a | Ключевые слова | Россия | ||
| a | Ключевые слова | русская литература | ||
| a | Ключевые слова | социализация личности | ||
| a | Ключевые слова | тоталитарное государство | ||
| a | Ключевые слова | философия литературы | ||
| a | Ключевые слова | язык автора | ||
| 700 | 12 | a | Автор | Маркова И. |
| e | Роль лиц | переводчик | ||
| q | Полное имя | Маркова Ирина | ||
| 773 | 18 | d | Дата издания источника | 2003 |
| g | Прочая информация | № 7. - С. 56 - 66 | ||
| t | Заглавие источника | Вопросы философии | ||
| w | Контрольный № источника | RU/IS/BASE/112456805 | ||
| 901 | t | Тип документа | b |